| 000 | 00581nam a22002051c 4500 | ||
|---|---|---|---|
| 001 | a987694621 | ||
| 008 | 200527s2020 gw |||| 000u eng d | ||
| 020 |
_a9781474240215 _9978-1-474-24021-5 |
||
| 041 | _aeng | ||
| 100 | 1 | _aWhite, Elizabeth | |
| 245 | 0 | 2 |
_aA modern history of Russian childhood : _bfrom the late imperial period to the collapse of the Soviet Union |
| 264 |
_aLondon : _bBloomsbury Academic, _c2020 |
||
| 300 | _a217 Seiten | ||
| 650 | 0 | _aKind | |
| 651 | 0 | _aRussland | |
| 651 | 0 | _aSowjetunion | |
| 942 | _cMG | ||
| 040 | _cRU-10907106 | ||
| 003 | RU-10907106 | ||
| 999 |
_c54418 _d54418 |
||